Culture Générale - Série 200 - Statistiques

Statistiques générales
  • Ce quiz a été pris 382 fois
  • Le résultat moyen est 5 sur 10
Statistiques - réponses
Question Réponse % Correct
Quelle sauce à base de tomates et de viande hachée accompagne les pâtes ? Bolognaise
93%
En français, comment appelle-t-on les habitants de Moscou ? Les Moscovites
87%
Quel tennisman a remporté l'Open d'Australie 2007 ? Roger Federer
61%
Quel phénomène naturel est le simoun ? Un vent
61%
Quel comédien a incarné le détective Ace Ventura à 2 reprises au cinéma ? Jim Carrey
48%
Dans "Je l'aime à mourir" de Francis Cabrel, qu'a-t-elle gommé sur les horloges du quartier ? Les chiffres
48%
Dans quel Etat des Etats-Unis se situent Kansas City et Saint Louis ? Le Missouri
35%
Qui était le présentateur de "L'Académie des 9" entre 82 et 87 ? Jean-Pierre Foucault
33%
En informatique, combien d'octets un "kilo octet" contient-il réellement ? 1 024
25%
Qui fut champion du monde de Formule 1 en 1975, 1977 et 1984 ? Niki Lauda
22%
Aucun quiz correspondant
Distribution des résultats
% des personnes avec chaque résultat
Percentile par nombre de réponses
Votre historique - résultats
Vous n’avez pas pris ce quiz